MARC details
| 000 -CABECERA |
| campo de control de longitud fija |
02280ngc a2200385 a 4500 |
| 003 - IDENTIFICADOR DEL NÚMERO DE CONTROL |
| campo de control |
CHAP |
| 005 - FECHA Y HORA DE LA ÚLTIMA TRANSACCIÓN |
| campo de control |
20260306062806.0 |
| 007 - CAMPO FIJO DE DESCRIPCIÓN FÍSICA--INFORMACIÓN GENERAL |
| campo de control de longitud fija |
vz czazzs |
| 008 - DATOS DE LONGITUD FIJA--INFORMACIÓN GENERAL |
| campo de control de longitud fija |
221013s2016 mx 172|f |||| s0| vlspa d |
| 040 ## - FUENTE DE LA CATALOGACIÓN |
| Centro catalogador/agencia de origen |
mxchpua |
| Centro/agencia transcriptor |
CHAP |
| 090 ## - LOCALMENTE ASIGNADO TIPO-LC NÚMERO DE CLASIFICACIÓN (OCLC); NÚMERO DE CLASIFICACIÓN LOCAL (RLIN) |
| Número de clasificación (OCLC) (R) ; Numero de clasificación, CALL (RLIN) (NR) |
Vídeo |
| 100 1# - ENTRADA PRINCIPAL--NOMBRE DE PERSONA |
| 9 (RLIN) |
147701 |
| Nombre de persona |
Santos Moreno, Armando |
| Fechas asociadas al nombre |
1949 |
| Término indicativo de función/relación |
director |
| 245 10 - MENCIÓN DE TÍTULO |
| Título |
Características del queso añejo de Zacatecas |
| Medio |
[Videograbación] / |
| Mención de responsabilidad, etc. |
director Armando Santos Moreno |
| 250 ## - MENCIÓN DE EDICIÓN |
| Mención de edición |
1a edición |
| 260 ## - PUBLICACIÓN, DISTRIBUCIÓN, ETC. |
| Lugar de publicación, distribución, etc. |
Chapingo, México : |
| Nombre del editor, distribuidor, etc. |
El autor, |
| Fecha de publicación, distribución, etc. |
2016 |
| 306 ## - TIEMPO DE REPRODUCCIÓN/DURACIÓN |
| Tiempo de reproducción/duración |
001722 |
| 490 1# - MENCIÓN DE SERIE |
| Mención de serie |
Vídeos de Quesos Madurados ; |
| Designación de volumen o secuencia |
5 |
| 500 ## - NOTA GENERAL |
| Nota general |
Duración: 17:22 minutos<br/>Agradecimiento: A los queseros de Sombrerete, Zacatecas: El Girasol, La Muralla y El Capricho |
| 505 00 - NOTA DE CONTENIDO CON FORMATO |
| Título |
Introducción |
| Información miscelánea |
(00:05) -- |
| Título |
Ordeño |
| Información miscelánea |
(01:38) -- |
| Título |
Colecta |
| Información miscelánea |
(03:25) -- |
| Título |
Recepción de la leche |
| Información miscelánea |
(04:35) -- |
| Título |
Pasteurización de la leche |
| Información miscelánea |
(05:07) -- |
| Título |
Ajuste de temperatura |
| Información miscelánea |
(05:51) -- |
| Título |
Adición de calcio |
| Información miscelánea |
(05:51) -- |
| Título |
Adición de cultivo |
| Información miscelánea |
(06:38) -- |
| Título |
Cuajado |
| Información miscelánea |
(07:17) -- |
| Título |
Cortado del gel |
| Información miscelánea |
(07:54) -- |
| Título |
Segundo ajuste de temperatura |
| Información miscelánea |
(08:48) -- |
| Título |
Desuerado |
| Información miscelánea |
(09:32) -- |
| Título |
Salado de la pasta |
| Información miscelánea |
(10:59) -- |
| Título |
Moldeado |
| Información miscelánea |
(11:19) -- |
| Título |
Prensado |
| Información miscelánea |
(12:07) -- |
| Título |
Desmoldado |
| Información miscelánea |
(12:24) -- |
| Título |
Desbordado |
| Información miscelánea |
(12:37) -- |
| Título |
Pesado de los quesos |
| Información miscelánea |
(12:59) -- |
| Título |
Oreado de los quesos |
| Información miscelánea |
(13:20) -- |
| Título |
Enchilado de los quesos |
| Información miscelánea |
(13:44) -- |
| Título |
Empacado y etiquetado de los quesos |
| Información miscelánea |
(14:18) -- |
| Título |
Conservación de los quesos |
| Información miscelánea |
(14:45) -- |
| Título |
Venta de los quesos |
| Información miscelánea |
(15:00) -- |
| Título |
Créditos |
| Información miscelánea |
(15:30) |
| 511 0# - NOTA DE PARTICIPANTES O INTÉRPRETES |
| Nota de participantes o intérpretes |
Narrador: Armando Santos Moreno |
| 511 0# - NOTA DE PARTICIPANTES O INTÉRPRETES |
| Nota de participantes o intérpretes |
Guion: Armando Santos Moreno |
| 521 4# - NOTA DE PÚBLICO DESTINATARIO |
| Nota de público destinatario |
Obra recomendada para estudiantes del Departamento de Ingeniería Agroindustrial |
| 538 ## - NOTA DE DETALLES DEL SISTEMA |
| Nota de detalles del sistema |
Modo de acceso: Internet |
| 546 ## - NOTA DE LENGUA/LENGUAJE |
| Nota de lengua/lenguaje |
Audio: En español |
| 650 13 - PUNTO DE ACCESO ADICIONAL DE MATERIA--TÉRMINO DE MATERIA |
| 9 (RLIN) |
144437 |
| Término de materia o nombre geográfico como elemento de entrada |
Queso artesanal |
| Subdivisión geográfica |
México |
| -- |
Zacatecas |
| 650 13 - PUNTO DE ACCESO ADICIONAL DE MATERIA--TÉRMINO DE MATERIA |
| 9 (RLIN) |
142991 |
| Término de materia o nombre geográfico como elemento de entrada |
Fabricación de queso |
| 650 13 - PUNTO DE ACCESO ADICIONAL DE MATERIA--TÉRMINO DE MATERIA |
| 9 (RLIN) |
152329 |
| Término de materia o nombre geográfico como elemento de entrada |
Tecnología lechera |
| 650 13 - PUNTO DE ACCESO ADICIONAL DE MATERIA--TÉRMINO DE MATERIA |
| 9 (RLIN) |
185223 |
| Término de materia o nombre geográfico como elemento de entrada |
Artisan cheese |
| Subdivisión geográfica |
Mexico |
| -- |
Zacatecas |
| 650 13 - PUNTO DE ACCESO ADICIONAL DE MATERIA--TÉRMINO DE MATERIA |
| 9 (RLIN) |
146964 |
| Término de materia o nombre geográfico como elemento de entrada |
Cheesemaking |
| 650 13 - PUNTO DE ACCESO ADICIONAL DE MATERIA--TÉRMINO DE MATERIA |
| 9 (RLIN) |
161553 |
| Término de materia o nombre geográfico como elemento de entrada |
Dairy technology |
| 700 1# - PUNTO DE ACCESO ADICIONAL--NOMBRE DE PERSONA |
| 9 (RLIN) |
185662 |
| Nombre de persona |
Carrera Álvarez, José Ignacio |
| Término indicativo de función/relación |
camarógrafo |
| 710 2# - PUNTO DE ACCESO ADICIONAL--NOMBRE DE ENTIDAD CORPORATIVA |
| Nombre de entidad corporativa o nombre de jurisdicción como elemento de entrada |
Universidad Autónoma Chapingo |
| Unidad subordinada |
Departamento de Ingeniería Agroindustrial. |
| 9 (RLIN) |
143749 |
| 856 ## - LOCALIZACIÓN Y ACCESO ELECTRÓNICOS |
| Texto de enlace |
VER VÍDEO |
| Identificador Uniforme del Recurso |
<a href=" http://10.13.5.2/video/De_Queso_Anejo_De_Zacatecas.m4v"> http://10.13.5.2/video/De_Queso_Anejo_De_Zacatecas.m4v</a> |
| 942 ## - ELEMENTOS DE PUNTO DE ACCESO ADICIONAL (KOHA) |
| Fuente del sistema de clasificación o colocación |
Clasificación Universidad Autónoma de Chapingo |
| Tipo de ítem Koha |
Vídeo |